Instant word power (Record no. 82955)

MARC details
000 -LEADER
fixed length control field 00465nam a22001577a 4500
020 ## - INTERNATIONAL STANDARD BOOK NUMBER
International Standard Book Number 9788185288147
Terms of availability 175.00
035 ## - SYSTEM CONTROL NUMBER
System control number B-529813
037 ## - SOURCE OF ACQUISITION
Source of stock number/acquisition R.P.Patel Nagar / UBH -192-28.02.14
082 ## - DEWEY DECIMAL CLASSIFICATION NUMBER
Classification number 495.6
100 ## - MAIN ENTRY--PERSONAL NAME
Personal name Lewis,Norman
245 ## - TITLE STATEMENT
Title Instant word power
Statement of responsibility, etc by Norman Lewis
260 ## - PUBLICATION, DISTRIBUTION, ETC. (IMPRINT)
Place of publication, distribution, etc Delhi
Name of publisher, distributor, etc Goyal Publishers & Distributors
Date of publication, distribution, etc 1982
270 ## - ADDRESS
Address 86 UB Jawahar Nagar Delhi
300 ## - PHYSICAL DESCRIPTION
Extent 310p
Dimensions 20cm(pbk)
942 ## - ADDED ENTRY ELEMENTS (KOHA)
Source of classification or shelving scheme Dewey Decimal Classification
Item type English Books
Classification part 495.6
Call number suffix LEW
Holdings
Withdrawn status Lost status Not for loan Home library Current library Date acquired Source of acquisition Cost, normal purchase price Full call number Barcode Cost, replacement price Koha item type
      Patel Nagar Patel Nagar 10/03/2014 R.P.Patel Nagar 175.00 495.6 LEW B-529813 175.00 English Books

© Delhi Public Library
Hit Counter
free hit counter